Anciennes régions de France - Mort Subite - Statistiques

Statistiques générales
  • Ce quiz a été pris 362 fois
  • Le résultat moyen est 4 sur 10
Answers on the Grid
Answers color-coded by a green-red scale on the quiz's grid according to % correct below.
Midi-Pyrénées
Limousin
Guyenne
Poitou-Charente
PACA
Languedoc- Roussillon
Bourgogne-Franche-Comté
Aquitaine
Bretagne
Lorraine
Pays de la Gloire
Picardie
Grand-Est
Basse Normandie
Alsace
Centre Val de Loire
Hauts-de-France
Auvergne-Rhône Alpes
Champagne-Ardenne
Pays de Savoie
 
Statistiques - réponses
Réponse % Correct
Limousin
56%
Midi-Pyrénées
53%
Aquitaine
49%
Poitou-Charente
47%
Alsace
46%
Languedoc- Roussillon
43%
Picardie
43%
Lorraine
42%
Basse Normandie
31%
Champagne-Ardenne
31%
Aucun quiz correspondant
Distribution des résultats
% des personnes avec chaque résultat
Percentile par nombre de réponses
Votre historique - résultats
Vous n’avez pas pris ce quiz